[Event "HUN-chT2 Erkel 1011"]
[Site "Hungary"]
[Date "2010.09.12"]
[Round "1.3"]
[White "Tornai, Imre"]
[Black "Farkas, Jozsef"]
[Result "1-0"]
[WhiteElo "2175"]
[BlackElo "2178"]
[PlyCount "41"]
[EventDate "2010.09.12"]
[EventType "team-tourn"]
[EventRounds "11"]
[EventCountry "HUN"]
[SourceTitle "EXT 2012"]
[Source "ChessBase"]
[SourceDate "2011.11.24"]
[SourceVersion "1"]
[SourceVersionDate "2011.11.24"]
[SourceQuality "1"]
[WhiteTeam "Vaci"]
[BlackTeam "Foti"]
[WhiteTeamCountry "HUN"]
[BlackTeamCountry "HUN"]

1. e4 e6 2. d4 d5 3. Nd2 dxe4 4. Nxe4 Nf6 5. Bg5 Be7 6. Bxf6 gxf6 7. Nf3 f5 8. Ng3 b6 9. Bb5+ c6 10. Bd3 Nd7 11. Qe2 0-0 12. 0-0-0 Bf6 13. Kb1 Bb7 14. Ne5 Qc7 15. f4 c5 16. Nh5 Bg7 17. Bb5 Nxe5 18. dxe5 Rad8 19. Qf2 f6 20. Rxd8 Qxd8 21. Qg3 1-0

[Event "Gyongyos Matra Cup"]
[Site "Gyongyos"]
[Date "2003.07.28"]
[Round "6"]
[White "Farkas, Jozsef"]
[Black "Pal, Imre"]
[Result "1-0"]
[WhiteElo "2248"]
[BlackElo "2208"]
[PlyCount "53"]
[EventDate "2003.07.22"]
[EventType "swiss"]
[EventRounds "9"]
[EventCountry "HUN"]
[SourceTitle "EXT 2005"]
[Source "ChessBase"]
[SourceDate "2004.11.15"]
[SourceVersion "1"]
[SourceVersionDate "2004.11.15"]
[SourceQuality "1"]

1. f4 Nf6 2. b3 b6 3. Bb2 Bb7 4. e3 e6 5. Nf3 d6 6. Be2 c5 7. 0-0 Nc6 8. h3 Qc7 9. Qe1 0-0-0 10. Nh2 h5 11. d3 Be7 12. Nd2 Nb4 13. Qd1 Nfd5 14. Rf3 Bf6 15. Qc1 Nc3 16. Rf2 Nbxa2 17. Qe1 Bh4 18. Nhf3 Nxe2+ 19. Qxe2 Bxf2+ 20. Qxf2 Nb4 21. e4 Nc6 22. Bxg7 Rhg8 23. Bf6 Rdf8 24. Rc1 Rg6 25. Bh4 Rfg8 26. g3 f6 27. Nf1 1-0

[Event "Heves Fregatt op 2nd"]
[Site "Heves"]
[Date "2001.05.13"]
[Round "8"]
[White "Toth, Daniel"]
[Black "Farkas, Jozsef"]
[Result "1-0"]
[WhiteElo "1995"]
[BlackElo "1846"]
[PlyCount "69"]
[EventDate "2001.05.11"]
[EventType "swiss"]
[EventRounds "9"]
[EventCountry "HUN"]
[SourceTitle "EXT 2004"]
[Source "ChessBase"]
[SourceDate "2003.11.25"]
[SourceVersion "1"]
[SourceVersionDate "2003.11.25"]
[SourceQuality "1"]

1. d4 c5 2. c3 d5 3. Nf3 Nc6 4. g3 Nf6 5. Bg2 e6 6. 0-0 c4 7. Bf4 Bd6 8. Bxd6 Qxd6 9. Nbd2 0-0 10. Ne1 a5 11. Nc2 b5 12. e4 dxe4 13. Nxe4 Nd5 14. Nxd6 Ba6 15. Ne3 Rad8 16. Ne4 b4 17. Nxd5 exd5 18. Nc5 Bb5 19. f4 a4 20. Nxa4 b3 21. axb3 cxb3 22. Re1 Bc4 23. Bf1 Rb8 24. Nc5 Rfd8 25. Bxc4 dxc4 26. Re4 f5 27. Re6 Rbc8 28. Qe2 Kf8 29. Rxc6 Rxc6 30. Ne6+ Rxe6 31. Qxe6 Re8 32. Qxf5+ Kg8 33. Qd5+ Kf8 34. Qc5+ Re7 35. Ra7 1-0

[Event "Heves Fregatt op 2nd"]
[Site "Heves"]
[Date "2001.05.12"]
[Round "5.13"]
[White "Farkas, Jozsef"]
[Black "Nagyroczei, Kristof"]
[Result "1-0"]
[WhiteElo "1853"]
[BlackElo "1400"]
[PlyCount "115"]
[EventDate "2001.05.11"]
[EventType "swiss"]
[EventRounds "9"]
[EventCountry "HUN"]
[SourceTitle "EXT 2004"]
[Source "ChessBase"]
[SourceDate "2003.11.25"]
[SourceVersion "1"]
[SourceVersionDate "2003.11.25"]
[SourceQuality "1"]

1. f4 d5 2. Nf3 Nf6 3. e3 e6 4. b3 Nc6 5. Bb2 Be7 6. Bb5 0-0 7. 0-0 Bd7 8. Qe2 a6 9. Bxc6 Bxc6 10. Ne5 Bb5 11. d3 Qd6 12. a4 Bc6 13. Ba3 Qd8 14. Nxc6 bxc6 15. Bb2 c5 16. Nd2 c6 17. e4 d4 18. e5 Nd5 19. Nc4 Nb4 20. a5 Qd5 21. Nb6 Qd8 22. Nxa8 Qxa8 23. c3 dxc3 24. Bxc3 Rd8 25. Rf3 c4 26. bxc4 c5 27. Qd2 Qb7 28. Bxb4 cxb4 29. d4 Rc8 30. c5 Qb5 31. Rb3 Rd8 32. Qxb4 Qe2 33. Re1 Qc2 34. Rb2 Qf5 35. Qb7 Bf8 36. c6 Qd3 37. c7 Rd7 38. c8Q Rxb7 39. Qxb7 Qxd4+ 40. Kh1 Qxf4 41. Qc8 h6 42. Rb8 Qf2 43. Rg1 Qe3 44. Qxf8+ Kh7 45. Qh8+ Kg6 46. Qc8 Qxe5 47. Qc2+ Kg5 48. Rb3 f5 49. Rg3+ Kf6 50. Qc3 Qxc3 51. Rxc3 g5 52. Rc6 g4 53. Re1 Kg5 54. Rexe6 h5 55. g3 h4 56. Rg6+ Kh5 57. Rh6+ Kg5 58. Rcg6# 1-0

[Event "Heves Fregatt op 2nd"]
[Site "Heves"]
[Date "2001.05.11"]
[Round "1.5"]
[White "Timar, Zsolt"]
[Black "Farkas, Jozsef"]
[Result "1-0"]
[WhiteElo "2187"]
[BlackElo "1853"]
[PlyCount "43"]
[EventDate "2001.05.11"]
[EventType "swiss"]
[EventRounds "9"]
[EventCountry "HUN"]
[SourceTitle "EXT 2004"]
[Source "ChessBase"]
[SourceDate "2003.11.25"]
[SourceVersion "1"]
[SourceVersionDate "2003.11.25"]
[SourceQuality "1"]

1. d4 c5 2. Nf3 d5 3. c4 dxc4 4. e3 b5 5. a4 Ba6 6. axb5 Bxb5 7. Nc3 Ba6 8. Rxa6 cxd4 9. Bxc4 Qc8 10. Bb5+ Kd8 11. Qxd4+ Nd7 12. Ne5 Ngf6 13. Rxf6 exf6 14. Nxd7 Ke7 15. b3 Qb7 16. Ba3+ Ke6 17. Bc4+ Kf5 18. Qf4+ Kg6 19. Qg4+ Kh6 20. Qh4+ Kg6 21. Bd3+ f5 22. Ne5# 1-0

[Event "HUN-chT2 Maroczy 0001"]
[Site "Hungary"]
[Date "2001.04.08"]
[Round "10"]
[White "Farkas, Jozsef"]
[Black "Juhasz, Bela"]
[Result "0-1"]
[WhiteElo "2275"]
[BlackElo "2315"]
[PlyCount "50"]
[EventDate "2000.11.26"]
[EventType "team"]
[EventRounds "11"]
[EventCountry "HUN"]
[SourceTitle "EXT 2007"]
[Source "ChessBase"]
[SourceDate "2006.11.23"]
[SourceVersion "1"]
[SourceVersionDate "2006.11.23"]
[SourceQuality "1"]
[WhiteTeam "Foti"]
[BlackTeam "Matra"]
[WhiteTeamCountry "HUN"]
[BlackTeamCountry "HUN"]

1. e4 c5 2. Nf3 e6 3. d4 cxd4 4. Nxd4 a6 5. Nc3 Qc7 6. g3 Nf6 7. Bg2 d6 8. 0-0 Be7 9. f4 0-0 10. g4 Nc6 11. Nxc6 bxc6 12. g5 Nd7 13. Be3 d5 14. Qh5 Rb8 15. f5 g6 16. Qh6 exf5 17. exf5 gxf5 18. Rf4 Qe5 19. Bd4 Bc5 20. Rd1 Bxd4+ 21. Rfxd4 Bb7 22. Rh4 Qg7 23. Bh3 Ne5 24. Kf2 Bc8 25. Re1 Ng6 0-1

[Event "HUN-chT3 9900"]
[Site "Hungary"]
[Date "2000.01.23"]
[Round "6"]
[White "Gal, Gabor"]
[Black "Farkas, Jozsef"]
[Result "1/2-1/2"]
[WhiteElo "2175"]
[BlackElo "2275"]
[PlyCount "98"]
[EventDate "1999.09.26"]
[EventType "team"]
[EventRounds "11"]
[EventCountry "HUN"]
[SourceTitle "EXT 2002"]
[Source "ChessBase"]
[SourceDate "2001.11.25"]
[SourceVersion "1"]
[SourceVersionDate "2001.11.25"]
[SourceQuality "1"]

1. d4 d5 2. c4 dxc4 3. Nc3 a6 4. e3 Nf6 5. Bxc4 e6 6. Nf3 c5 7. 0-0 b5 8. Be2 Bb7 9. dxc5 Qxd1 10. Rxd1 Bxc5 11. a3 Nbd7 12. b4 Be7 13. Bb2 0-0 14. Rac1 Rac8 15. Nb1 Bd5 16. Nfd2 Nb6 17. f3 Rfd8 18. Rxc8 Rxc8 19. Rc1 Rxc1+ 20. Bxc1 Na4 21. Bd1 Nd7 22. Bc2 Ndb6 23. Ne4 f5 24. Nec3 Nxc3 25. Nxc3 Bc4 26. Bb2 Bf6 27. Kf2 Kf7 28. Nd1 g6 29. g3 e5 30. e4 f4 31. Nc3 Ke6 32. Ne2 g5 33. Nc1 Bd8 34. Kg2 Kd6 35. Nd3 Bxd3 36. Bxd3 Nc4 37. Bc1 Bb6 38. h4 h6 39. hxg5 hxg5 40. Bxc4 bxc4 41. gxf4 gxf4 42. Kf1 Bd4 43. Ke2 Kc6 44. a4 c3 45. Kd3 Kb6 46. Kc4 Kc6 47. Ba3 Kb6 48. Bc1 Kc6 49. Ba3 Kb6 1/2-1/2

[Event "HUN-chT3 9900"]
[Site "Hungary"]
[Date "1999.12.05"]
[Round "5"]
[White "Farkas, Jozsef"]
[Black "Tajti, Janos Sandor"]
[Result "0-1"]
[WhiteElo "2275"]
[BlackElo "2147"]
[PlyCount "72"]
[EventDate "1999.09.26"]
[EventType "team"]
[EventRounds "11"]
[EventCountry "HUN"]
[SourceTitle "EXT 2002"]
[Source "ChessBase"]
[SourceDate "2001.11.25"]
[SourceVersion "1"]
[SourceVersionDate "2001.11.25"]
[SourceQuality "1"]

1. e4 g6 2. d4 Bg7 3. Nc3 d6 4. Be2 Nf6 5. h4 c5 6. d5 h5 7. Nh3 Nbd7 8. f4 a6 9. a4 Nf8 10. Nf2 Rb8 11. 0-0 Ng4 12. Nxg4 hxg4 13. g3 Bd4+ 14. Kg2 f5 15. exf5 gxf5 16. Bxg4 fxg4 17. f5 Nh7 18. Qxg4 Nf6 19. Qg6+ Kd7 20. Bg5 Qg8 21. Rae1 Bxc3 22. bxc3 Qxd5+ 23. Kg1 Rg8 24. Bxf6 Rxg6 25. Rxe7+ Kc6 26. fxg6 Bh3 27. Rf2 Rf8 28. Rf7 Rxf7 29. gxf7 Qxf7 30. Kh2 Bg4 31. h5 Qa2 32. Bd8 Qc4 33. Bf6 b5 34. axb5+ Kxb5 35. Kg1 a5 36. Rf1 Qe2 0-1

[Event "HUN-chT3 9900"]
[Site "Hungary"]
[Date "1999.11.14"]
[Round "4"]
[White "Cseke, Richard"]
[Black "Farkas, Jozsef"]
[Result "1/2-1/2"]
[WhiteElo "2200"]
[BlackElo "2275"]
[PlyCount "47"]
[EventDate "1999.09.26"]
[EventType "team"]
[EventRounds "11"]
[EventCountry "HUN"]
[SourceTitle "EXT 2002"]
[Source "ChessBase"]
[SourceDate "2001.11.25"]
[SourceVersion "1"]
[SourceVersionDate "2001.11.25"]
[SourceQuality "1"]

1. e4 e5 2. Nf3 Nc6 3. Bb5 f5 4. d3 d6 5. 0-0 Nf6 6. Nc3 Be7 7. Re1 fxe4 8. dxe4 Bg4 9. h3 Bxf3 10. Qxf3 0-0 11. Qd3 Nd4 12. Bc4+ Kh8 13. Be3 c5 14. a4 a6 15. Nd5 b5 16. axb5 axb5 17. Bxb5 Nxd5 18. exd5 Nxb5 19. Qxb5 Rb8 20. Qd3 Rxb2 21. Ra7 Bg5 22. Bxg5 Qxg5 23. Rea1 Qf4 24. Qe3 1/2-1/2

[Event "HUN-chT3 9900"]
[Site "Hungary"]
[Date "1999.10.03"]
[Round "2"]
[White "Rozsa, Sandor"]
[Black "Farkas, Jozsef"]
[Result "0-1"]
[WhiteElo "2152"]
[BlackElo "2275"]
[PlyCount "80"]
[EventDate "1999.09.26"]
[EventType "team"]
[EventRounds "11"]
[EventCountry "HUN"]
[SourceTitle "EXT 2002"]
[Source "ChessBase"]
[SourceDate "2001.11.25"]
[SourceVersion "1"]
[SourceVersionDate "2001.11.25"]
[SourceQuality "1"]

1. e4 c5 2. Nc3 Nc6 3. g3 g6 4. Bg2 Bg7 5. d3 e6 6. Be3 d6 7. Nge2 Nge7 8. Qd2 Nd4 9. 0-0 0-0 10. Nd1 Qc7 11. Nc1 e5 12. c3 Ndc6 13. Bh6 f5 14. Bxg7 Kxg7 15. exf5 Bxf5 16. Ne3 Be6 17. Ne2 d5 18. d4 cxd4 19. cxd4 e4 20. Rac1 Rf6 21. b4 Qb6 22. a3 Raf8 23. Rc5 a6 24. Nf4 Qd8 25. Nxe6+ Rxe6 26. Bh3 Rd6 27. b5 axb5 28. Rxb5 Qa8 29. Qb2 Rb8 30. Rb1 Qa4 31. Rxb7 Rxb7 32. Qxb7 Qxd4 33. Qc7 Qe5 34. Rd1 d4 35. Nc4 Qh5 36. Re1 Rf6 37. Bg2 Qf5 38. Re2 e3 39. Nxe3 dxe3 40. Bxc6 exf2+ 0-1

[Event "HUN-chT3"]
[Site "Hungary"]
[Date "1997.??.??"]
[Round "?"]
[White "Farkas, Jozsef"]
[Black "Kaputa, Laszlo"]
[Result "1-0"]
[WhiteElo "1765"]
[BlackElo "1815"]
[PlyCount "150"]
[EventDate "1997.??.??"]
[EventType "team"]
[EventRounds "13"]
[EventCountry "HUN"]
[SourceTitle "EXT 2001"]
[Source "ChessBase"]
[SourceDate "2000.11.22"]
[SourceVersion "1"]
[SourceVersionDate "2000.11.22"]
[SourceQuality "1"]

1. d4 f5 2. Bf4 d5 3. e3 e6 4. Qh5+ g6 5. Qe2 Bd6 6. Be5 Nf6 7. Nd2 Nbd7 8. Bxd6 cxd6 9. Nb3 a5 10. a4 b6 11. Nf3 Ba6 12. Qd2 Ne4 13. Qd1 Bxf1 14. Kxf1 Qf6 15. h4 h5 16. Nbd2 e5 17. Nxe4 fxe4 18. dxe5 dxe5 19. Qxd5 Rd8 20. Qxe4 0-0 21. Rh3 Kg7 22. Re1 Rde8 23. Re2 Nc5 24. Qc4 Rd8 25. Nd2 Rd7 26. Rf3 Qe7 27. Rxf8 Kxf8 28. Ke1 e4 29. g3 Qe5 30. Qb5 Qd6 31. Qc4 Nd3+ 32. Kf1 Nxb2 33. Qxe4 Qf6 34. Kg2 Nd1 35. Qa8+ Kg7 36. Ne4 Qf5 37. Qc6 Re7 38. f3 Qe6 39. Qb5 Rc7 40. Qb1 Nc3 41. Qa1 Qc4 42. Rd2 Qxa4 43. Qb2 Qb4 44. Qxb4 axb4 45. Ng5 Re7 46. e4 b5 47. Rd6 Kh6 48. Rd8 Kg7 49. Rd4 Na2 50. Kf1 Kf6 51. Ke1 Rc7 52. Kd2 Nc3 53. Rxb4 Rc5 54. Kd3 Na4 55. Kd4 Rxc2 56. Rxb5 Rg2 57. e5+ Ke7 58. Ne4 Rb2 59. Rxb2 Nxb2 60. f4 Na4 61. Nf6 Ke6 62. g4 hxg4 63. Nxg4 Nb6 64. Nf6 Nc8 65. h5 gxh5 66. Nxh5 Ne7 67. Ng3 Nc6+ 68. Ke4 Ne7 69. f5+ Kf7 70. Nh5 Ng8 71. e6+ Ke7 72. Ke5 Nh6 73. f6+ Kf8 74. Kd6 Ke8 75. Ng7+ Kf8 1-0

[Event "HUN-chT3"]
[Site "Hungary"]
[Date "1997.??.??"]
[Round "?"]
[White "Toth, Zoltan Jr"]
[Black "Farkas, Jozsef"]
[Result "0-1"]
[WhiteElo "1610"]
[BlackElo "1820"]
[PlyCount "112"]
[EventDate "1997.??.??"]
[EventType "team"]
[EventRounds "13"]
[EventCountry "HUN"]
[SourceTitle "EXT 2001"]
[Source "ChessBase"]
[SourceDate "2000.11.22"]
[SourceVersion "1"]
[SourceVersionDate "2000.11.22"]
[SourceQuality "1"]

1. e4 d6 2. Nf3 e6 3. Nc3 f5 4. d3 Nf6 5. Bg5 Be7 6. e5 Ng4 7. Bxe7 Qxe7 8. exd6 cxd6 9. h3 Nf6 10. g3 0-0 11. Bg2 Nc6 12. Qe2 Bd7 13. Nb5 a6 14. Nbd4 e5 15. Nxc6 Bxc6 16. 0-0 Rae8 17. Rfe1 Qd7 18. Nd2 Bxg2 19. Kxg2 Qc6+ 20. Nf3 e4 21. Nd4 exd3+ 22. Nxc6 Rxe2 23. Rxe2 dxe2 24. Nd4 Re8 25. Re1 Nd5 26. c3 g6 27. Rxe2 Rxe2 28. Nxe2 Kf7 29. Kf3 g5 30. b3 b5 31. g4 Kf6 32. gxf5 Kxf5 33. Ng3+ Ke5 34. Ne2 h6 35. b4 h5 36. a3 Nf4 37. Nxf4 gxf4 38. Ke2 Ke4 39. f3+ Kd5 40. Kd3 h4 41. Kc2 Kc4 42. Kd2 Kb3 43. Kd3 Kxa3 44. Ke4 Kb3 45. Kxf4 Kxc3 46. Ke4 Kc4 47. f4 d5+ 48. Ke5 d4 49. f5 d3 50. f6 d2 51. f7 d1Q 52. f8Q Qd5+ 53. Kf4 Qd2+ 54. Kg4 Qxb4 55. Qf4+ Kc5 56. Qxb4+ Kxb4 0-1

[Event "Nyiregyhaza op"]
[Site "Nyiregyhaza"]
[Date "1996.??.??"]
[Round "1"]
[White "Farkas, Jozsef"]
[Black "Ferenczi, Jozsef"]
[Result "0-1"]
[WhiteElo "2275"]
[BlackElo "2240"]
[PlyCount "107"]
[EventDate "1996.07.??"]
[EventType "swiss"]
[EventRounds "9"]
[EventCountry "HUN"]
[SourceTitle "EXT 2004"]
[Source "ChessBase"]
[SourceDate "2003.11.25"]
[SourceVersion "1"]
[SourceVersionDate "2003.11.25"]
[SourceQuality "1"]

1. d4 d5 2. c4 c6 3. cxd5 cxd5 4. Nf3 e6 5. Nc3 a6 6. Bf4 Bd6 7. Bg3 Bxg3 8. hxg3 Nc6 9. e3 Nf6 10. Bd3 Qb6 11. a3 Qc7 12. Rc1 Qe7 13. Bb1 Bd7 14. b4 h6 15. Ne5 Na7 16. Qb3 Rc8 17. f3 Nb5 18. Kf2 Nxc3 19. Rxc3 Rxc3 20. Qxc3 0-0 21. Qc5 Qxc5 22. bxc5 Bb5 23. Bc2 Nd7 24. Nxd7 Bxd7 25. Rb1 Bc6 26. Bd3 f5 27. Rb6 Rc8 28. Rb1 Rc7 29. Rh1 Kf7 30. Rh4 Bb5 31. Bxb5 axb5 32. Rh1 b6 33. cxb6 Rb7 34. Rb1 Rxb6 35. Rb4 Ra6 36. Rb3 Ra5 37. Ke2 g5 38. Kd3 Ke7 39. e4 dxe4+ 40. fxe4 Kd6 41. Rc3 Ra8 42. Ke3 Ra7 43. Kf3 Ra4 44. Ke3 Ra6 45. Kd3 Rc6 46. Rb3 Rb6 47. a4 Kc6 48. axb5+ Rxb5 49. d5+ exd5 50. Rc3+ Kd6 51. exf5 Ke5 52. Rc6 Kxf5 53. Rxh6 Kg4 54. Rf6 0-1

[Event "Nyiregyhaza op"]
[Site "Nyiregyhaza"]
[Date "1996.??.??"]
[Round "4"]
[White "Farkas, Jozsef"]
[Black "Szarvas, Peter"]
[Result "1/2-1/2"]
[WhiteElo "2275"]
[BlackElo "2175"]
[PlyCount "120"]
[EventDate "1996.07.??"]
[EventType "swiss"]
[EventRounds "9"]
[EventCountry "HUN"]
[SourceTitle "EXT 2004"]
[Source "ChessBase"]
[SourceDate "2003.11.25"]
[SourceVersion "1"]
[SourceVersionDate "2003.11.25"]
[SourceQuality "1"]

1. d4 Nf6 2. Nf3 g6 3. Bf4 Bg7 4. e3 0-0 5. h3 c5 6. c3 cxd4 7. exd4 d6 8. Bd3 Nc6 9. 0-0 a6 10. a4 Bd7 11. Nbd2 Rc8 12. Re1 Re8 13. Bh2 Rb8 14. Qc2 b5 15. axb5 axb5 16. Ne4 Nxe4 17. Bxe4 b4 18. h4 Qb6 19. h5 bxc3 20. bxc3 Qb2 21. hxg6 hxg6 22. Qd3 Qb5 23. Rab1 Qxd3 24. Bxd3 Rxb1 25. Rxb1 Bf6 26. Nd2 Rb8 27. Rxb8+ Nxb8 28. Ne4 Bg7 29. Kf1 Be6 30. Ke2 Nd7 31. Nd2 Nb6 32. f3 Na4 33. Nb1 Ba2 34. Kd2 Bh6+ 35. f4 Bd5 36. g3 Nb2 37. Kc2 Nxd3 38. Kxd3 Be6 39. Nd2 Bf5+ 40. Ke3 d5 41. Kf3 e6 42. c4 dxc4 43. Nxc4 Bd3 44. Ne5 Bc2 45. Nc4 Bb3 46. Nd2 Bd5+ 47. Ke3 f5 48. Kd3 Bf8 49. Bg1 Kh7 50. Nf1 Kg8 51. Be3 Kf7 52. Bd2 Ke8 53. Ne3 Kd7 54. Ba5 Kc6 55. g4 Be4+ 56. Ke2 Bd6 57. gxf5 gxf5 58. Bd2 Bxf4 59. d5+ Bxd5 60. Nxd5 Bxd2 1/2-1/2